Estadísticas para Peliculas Marvel por orden cronológico

Haz click aquí para intentar la prueba.

Estadísticas generales

  • Esta prueba ha sido intentada 155 veces
  • La puntuación promedio es 17 de 34

Estadísticas de respuestas

Fecha de salidaRespuesta% Correcto
2 de mayo de 2008Iron Man
99%
7 de mayo de 2010Iron Man 2
91%
3 de mayo de 2013Iron Man 3
88%
6 de mayo de 2011Thor
83%
4 de mayo de 2012Los Vengadores
74%
17 de julio de 2015Ant - Man
72%
1 de agosto de 2014Guardianes de la Galaxia
61%
4 de noviembre de 2016Doctor Strange
59%
3 de noviembre de 2017Thor: Ragnarok
59%
22 de julio de 2011Capitán América: El primer vengador
58%
26 de abril de 2019Los Vengadores: Endgame
58%
8 de marzo de 2019Capitana Marvel
57%
13 de junio de 2008El Increible Hulk
56%
27 de abril de 2018Los Vengadores: Infinity War
56%
1 de mayo de 2015Los Vengadores: La era de Ultrón
54%
7 de julio de 2017Spider - Man: Homecoming
54%
17 de diciembre de 2021Spider - Man: No Way Home
52%
6 de julio de 2018Ant - Man y La Avispa
50%
16 de febrero de 2018Black Panther
50%
9 de julio de 2021Black Widow
49%
4 de julio de 2019Spider - Man: Lejos de casa
47%
5 de mayo de 2017Guardianes de la Galaxia Vol.2
43%
5 de mayo de 2023Guardianes de la Galaxia Vol.3
42%
6 de mayo de 2016Capitán América: Guerra civil
40%
8 de noviembre de 2013Thor: El mundo oscuro
40%
8 de julio de 2022Thor: Love and Thunder
40%
4 de abril de 2014Capitán América: El soldado de invierno
37%
11 de noviembre de 2022Black Panther: Wakanda Forever
31%
10 de noviembre de 2023The Marvels
31%
6 de mayo de 2022Doctor Strange en el multiverso de la locura
26%
5 de noviembre de 2021Eternos
26%
17 de febrero de 2023Ant - Man y La Avispa: Quantumania
24%
26 de julio de 2024Deadpool 3
17%
3 de septiembre de 2021Shang - Chi y la leyenda de los Diez Anillos
17%

Distribución de puntuación

Porcentaje por número respondido

Porcentaje de gente con cada puntuación

Historial de tus puntuaciones

No has intentado esta prueba.